<?xml version="1.0" encoding="UTF-8"?>
<record
    xmlns:xsi="http://www.w3.org/2001/XMLSchema-instance"
    xsi:schemaLocation="http://www.loc.gov/MARC21/slim http://www.loc.gov/standards/marcxml/schema/MARC21slim.xsd"
    xmlns="http://www.loc.gov/MARC21/slim">

  <leader>02138nam a2200337Ia 4500</leader>
  <controlfield tag="005">20220317000605.0</controlfield>
  <controlfield tag="008">160601s2004    ag a   g      000 0 spa  </controlfield>
  <datafield tag="020" ind1=" " ind2=" ">
    <subfield code="a">9507541004</subfield>
  </datafield>
  <datafield tag="245" ind1="1" ind2="0">
    <subfield code="a">Cuentos de duendes </subfield>
    <subfield code="b">relatos m&#xE1;gicos Celtas </subfield>
    <subfield code="c">selecci&#xF3;n de Roberto Rosaspini Reynolds, M&#xE1;ximo Dami&#xE1;n Morales ; ilustraciones de Fernando Molinari</subfield>
  </datafield>
  <datafield tag="250" ind1=" " ind2=" ">
    <subfield code="a">4a. edici&#xF3;n </subfield>
  </datafield>
  <datafield tag="300" ind1=" " ind2=" ">
    <subfield code="a">126 p&#xE1;ginas</subfield>
    <subfield code="b">ilustraciones en blanco y negro </subfield>
    <subfield code="c">23 cm </subfield>
  </datafield>
  <datafield tag="490" ind1=" " ind2=" ">
    <subfield code="a">Mitos, cuentos y leyendas</subfield>
  </datafield>
  <datafield tag="505" ind1=" " ind2=" ">
    <subfield code="a">El leprechaun y las avispas -- Padraigh O'Leary y el lurigadaun -- Los tres sastrecillos -- La boda frustrada -- Un luricaun en la bodega -- La vieja y los t&#xE1;nganos -- Los ananos galegos -- Una leyenda cornish de los pigsies -- El pixie atrapado por una viejecita -- El Knocker benefactor -- Brand&#xE1;n y el caranto&#xF1;a -- El molino encantado -- El pookah servicial -- el banquete de bodas -- El vestido de musgo -- La familia del hubero -- La derrota del enanuco bigarista -- El dolmen del Kludde -- Liam O'Flynn y los fir darrighs -- El anciano durmiente -- La comadrona tuerta -- El hillfort de los spriggans</subfield>
  </datafield>
  <datafield tag="650" ind1="1" ind2="4">
    <subfield code="2">LEMB</subfield>
    <subfield code="a">Cuentos juveniles irlandeses </subfield>
  </datafield>
  <datafield tag="650" ind1="1" ind2="4">
    <subfield code="2">LEMB</subfield>
    <subfield code="a">Literatura juvenil irlandesa </subfield>
  </datafield>
  <datafield tag="650" ind1="1" ind2="4">
    <subfield code="2">LEMB</subfield>
    <subfield code="a">Personajes fant&#xE1;sticos en la literatura</subfield>
  </datafield>
  <datafield tag="650" ind1="1" ind2="4">
    <subfield code="2">LEMB</subfield>
    <subfield code="a">Duendes en la literatura</subfield>
  </datafield>
  <datafield tag="650" ind1="1" ind2="4">
    <subfield code="2">LEMB </subfield>
    <subfield code="a">Princesas en la literatura</subfield>
  </datafield>
  <datafield tag="650" ind1="1" ind2="4">
    <subfield code="2">LEMB </subfield>
    <subfield code="a">Brujas en la literatura</subfield>
  </datafield>
  <datafield tag="700" ind1="1" ind2=" ">
    <subfield code="a">Rosaspini Reynolds, Roberto C.</subfield>
    <subfield code="d">1940-2003</subfield>
    <subfield code="e">compilador</subfield>
    <subfield code="9">49706</subfield>
  </datafield>
  <datafield tag="700" ind1="1" ind2=" ">
    <subfield code="a">Morales, M&#xE1;ximo Dami&#xE1;n</subfield>
    <subfield code="d">1973- </subfield>
    <subfield code="e">compilador</subfield>
    <subfield code="9">49707</subfield>
  </datafield>
  <datafield tag="700" ind1="1" ind2=" ">
    <subfield code="a">Molinari, Fernando</subfield>
    <subfield code="d">1963-</subfield>
    <subfield code="e">ilustrador</subfield>
    <subfield code="9">49708</subfield>
  </datafield>
  <datafield tag="740" ind1=" " ind2=" ">
    <subfield code="a">El leprechaun y las avispas;\\</subfield>
    <subfield code="a">Un leprakan en el ba&#xFA;l;\\</subfield>
    <subfield code="a">Padraigh O Leary y el lurigadaun;\\</subfield>
    <subfield code="a">Los tres sastrecillos;\\</subfield>
    <subfield code="a">La boda frustrada;\\</subfield>
    <subfield code="a">Un luricaun en la bodega;\\</subfield>
    <subfield code="a">La vieja y los t&#xE1;nganos;\\</subfield>
    <subfield code="a">Os ananos galegos;\\</subfield>
    <subfield code="a">Una leyenda co</subfield>
  </datafield>
  <datafield tag="942" ind1=" " ind2=" ">
    <subfield code="2">loc</subfield>
    <subfield code="c">BKLIT</subfield>
  </datafield>
  <datafield tag="264" ind1=" " ind2=" ">
    <subfield code="a">Buenos Aires </subfield>
    <subfield code="b">Continente</subfield>
    <subfield code="c">2004</subfield>
  </datafield>
  <datafield tag="336" ind1=" " ind2=" ">
    <subfield code="a">texto</subfield>
    <subfield code="b">txt</subfield>
    <subfield code="2">rdacontent</subfield>
  </datafield>
  <datafield tag="337" ind1=" " ind2=" ">
    <subfield code="a">sin mediaci&#xF3;n</subfield>
    <subfield code="b">n</subfield>
    <subfield code="2">rdamedia</subfield>
  </datafield>
  <datafield tag="338" ind1=" " ind2=" ">
    <subfield code="a">volumen</subfield>
    <subfield code="b">nc</subfield>
    <subfield code="2">rdacarrier</subfield>
  </datafield>
  <datafield tag="040" ind1=" " ind2=" ">
    <subfield code="a">CO-BoRNBP</subfield>
    <subfield code="b">spa</subfield>
    <subfield code="e">rda</subfield>
    <subfield code="c">CO-BoRNBP</subfield>
  </datafield>
  <datafield tag="084" ind1=" " ind2=" ">
    <subfield code="a">C CUE7</subfield>
  </datafield>
  <datafield tag="999" ind1=" " ind2=" ">
    <subfield code="c">4491</subfield>
    <subfield code="d">4491</subfield>
  </datafield>
  <datafield tag="952" ind1=" " ind2=" ">
    <subfield code="0">0</subfield>
    <subfield code="1">0</subfield>
    <subfield code="2">ddc</subfield>
    <subfield code="4">0</subfield>
    <subfield code="7">0</subfield>
    <subfield code="8">001</subfield>
    <subfield code="a">MEMAPIRI</subfield>
    <subfield code="b">MEMAPIRI</subfield>
    <subfield code="c">LIT</subfield>
    <subfield code="d">2024-01-19</subfield>
    <subfield code="l">0</subfield>
    <subfield code="o">C CUE58</subfield>
    <subfield code="p">MAP00003011</subfield>
    <subfield code="r">2024-01-19 22:16:41</subfield>
    <subfield code="t">Ej.1</subfield>
    <subfield code="w">2024-01-19</subfield>
    <subfield code="y">BKLIT</subfield>
  </datafield>
</record>
